Calendario manual y guía de forasteros en Méjico para el año de 1820 bisiesto (Record no. 6906)

MARC details
000 -CABECERA
campo de control de longitud fija 00630nam a2200193 a 4500
001 - NÚMERO DE CONTROL
campo de control BRCA_7225
005 - FECHA Y HORA DE LA ÚLTIMA TRANSACCIÓN
campo de control 20190320205746.0
008 - DATOS DE LONGITUD FIJA--INFORMACIÓN GENERAL
campo de control de longitud fija 180112s1820----mx-ab#####---#000-0#spa-#
041 ## - CÓDIGO DE LENGUA
Código de lengua del texto/banda sonora o título independiente spa
044 ## - CÓDIGO DEL PAÍS DE LA ENTIDAD EDITORA/PRODUCTORA
Código MARC del país mx
050 #4 - SIGNATURA TOPOGRÁFICA DE LA BIBLIOTECA DEL CONGRESO
Número de clasificación F1386
Número de documento/Ítem .Z86
100 1# - ENTRADA PRINCIPAL--NOMBRE DE PERSONA
Nombre de persona Zúñiga y Ontiveros, Mariano
Fechas asociadas al nombre 1795-1825?
9 (RLIN) 17905
245 10 - MENCIÓN DE TÍTULO
Título Calendario manual y guía de forasteros en Méjico para el año de 1820 bisiesto
Mención de responsabilidad, etc. por Don Mariaño de Zuñiga y Ontiveros.
260 ## - PUBLICACIÓN, DISTRIBUCIÓN, ETC.
Lugar de publicación, distribución, etc. México
Nombre del editor, distribuidor, etc. Oficina del autor
Fecha de publicación, distribución, etc. [1820?]
300 ## - DESCRIPCIÓN FÍSICA
Extensión 246 p.
Otras características físicas il., mapas
651 #4 - PUNTO DE ACCESO ADICIONAL DE MATERIA--NOMBRE GEOGRÁFICO
Nombre geográfico México (Ciudad)
Subdivisión de forma Guia de viajeros
Subdivisión general Descripción
9 (RLIN) 17906
902 ## - CATALOGADOR
Iniciales GFM
942 ## - ELEMENTOS DE PUNTO DE ACCESO ADICIONAL (KOHA)
Fuente del sistema de clasificación o colocación Library of Congress Classification
Tipo de ítem Koha Libros
Holdings
Estado de retiro Estado de pérdida Estado dañado No para préstamo Localización permanente Ubicación/localización actual Fecha de adquisición Total de préstamos Signatura topográfica completa Código de barras Fecha visto por última vez Precio válido a partir de Tipo de ítem Koha
El ejemplar forma parte de la colección y puede ser consultado según las políticas vigentes.       Biblioteca del Museo Franz Mayer (Rogerio Casas-Alatriste) Biblioteca del Museo Franz Mayer (Rogerio Casas-Alatriste) 18/01/2012   F1386 .Z86 7683 22/03/2019 22/03/2019 Libros